Power system analysis (Record no. 1347)

000 -LEADER
fixed length control field 00590nam a2200229 a 4500
001 - CONTROL NUMBER
control field 1347
003 - CONTROL NUMBER IDENTIFIER
control field BD-DhUET
008 - FIXED-LENGTH DATA ELEMENTS--GENERAL INFORMATION
fixed length control field 931008s1994 nyua 001 0 eng
020 ## - INTERNATIONAL STANDARD BOOK NUMBER
International Standard Book Number 0070585156
020 ## - INTERNATIONAL STANDARD BOOK NUMBER
International Standard Book Number 0071133380
040 ## - CATALOGING SOURCE
Original cataloging agency DLC
Transcribing agency DLC
Modifying agency BD-DhUET
082 00 - DEWEY DECIMAL CLASSIFICATION NUMBER
Classification number 623.19
Item number GRA/1994
100 1# - MAIN ENTRY--PERSONAL NAME
Personal name Grainger, John J.
245 10 - TITLE STATEMENT
Title Power system analysis
250 ## - EDITION STATEMENT
Edition statement 1st ed.
260 ## - PUBLICATION, DISTRIBUTION, ETC. (IMPRINT)
Place of publication, distribution, etc. New York
Name of publisher, distributor, etc. McGraw-Hill
Date of publication, distribution, etc. 1994
300 ## - PHYSICAL DESCRIPTION
Extent xix, 787 p.
Other physical details ill.
504 ## - BIBLIOGRAPHY, ETC. NOTE
Bibliography, etc Includes bibliographies
650 #0 - SUBJECT ADDED ENTRY--TOPICAL TERM
Topical term or geographic name as entry element Electric power systems-Management
700 1# - ADDED ENTRY--PERSONAL NAME
Personal name Stevenson, William D.
942 ## - ADDED ENTRY ELEMENTS (KOHA)
Koha item type General Book
Holdings
Koha date last borrowed Source of classification or shelving scheme Koha out on loan Shelving location Koha date last seen Piece designation (barcode) Koha item type Price effective from Damaged status Sublocation or collection (holding branch) Copy number Date acquired Koha normalized classification for sorting Koha renewals Koha full call number Koha issues (times borrowed) Withdrawn status Not for loan Location (home branch) Lost status
2024-03-04  Circulation section2024-06-01103960General Book2014-09-03 Central Library, BUET12014-09-03623_000000000000000_19GRA1994 623.19/GRA/19945  Central Library, BUET 
2019-05-06  Circulation section2020-01-14103961General Book2014-09-03 Central Library, BUET22014-09-03623_000000000000000_19GRA1994 623.19/GRA/19941  Central Library, BUET 
2025-07-13  Circulation section2025-11-03103962General Book2014-09-03 Central Library, BUET32014-09-03623_000000000000000_19GRA19941623.19/GRA/19943  Central Library, BUET 
2019-10-21  Circulation section2025-04-22103963General Book2014-09-03 Central Library, BUET42014-09-03623_000000000000000_19GRA1994 623.19/GRA/19941  Central Library, BUET 
2023-11-27 2023-12-11Circulation section2023-11-27103964General Book2014-09-03 Central Library, BUET52014-09-03623_000000000000000_19GRA1994 623.19/GRA/19941  Central Library, BUET 
   Circulation section2016-01-26103965General Book2014-09-03 Central Library, BUET62014-09-03623_000000000000000_19GRA1994 623.19/GRA/1994   Central Library, BUET 
2021-02-13  Circulation section2021-12-13103966General Book2014-09-03 Central Library, BUET72014-09-03623_000000000000000_19GRA19942623.19/GRA/19941  Central Library, BUET 
2022-02-06 2023-02-06Circulation section2022-02-06103967General Book2014-09-03 Central Library, BUET82014-09-03623_000000000000000_19GRA1994 623.19/GRA/19942  Central Library, BUET 
2025-05-03 2025-05-17Circulation section2025-05-03103968General Book2014-09-03 Central Library, BUET92014-09-03623_000000000000000_19GRA1994 623.19/GRA/19945  Central Library, BUET 
   Reading section2015-06-2189529Reading Item2015-06-21 Central Library, BUET102015-06-21623_190000000000000_GRA_1994 623.19/GRA/1994   Central Library, BUET 
   Reading section2015-06-2191138Reading Item2015-06-21 Central Library, BUET112015-06-21623_190000000000000_GRA_1994 623.19/GRA/1994   Central Library, BUET 
   Reading section2015-07-0290777Reading Item2015-07-02 Central Library, BUET122015-07-02623_190000000000000_GRA_1994 623.19/GRA/1994   Central Library, BUET